000 00375pab a2200145 454500
008 180718b2005 xxu||||| |||| 00| 0 eng d
100 _aPizzella, Patrick
245 _aGovbenfits.gov: a valuable e-government tool for citizens
260 _c2005
300 _ap.37-42.
362 _aSummer
650 _aElectronic governance
773 _aPublic Manager
909 _a67687
999 _c67687
_d67687